Exploring physical education (Record no. 1341151)

MARC details
000 -LEADER
fixed length control field 00516nam a2200181Ia 4500
005 - DATE AND TIME OF LATEST TRANSACTION
control field 20250508153206.0
008 - FIXED-LENGTH DATA ELEMENTS--GENERAL INFORMATION
fixed length control field 008 250505s9999 xx 000 0 eng d
037 ## - SOURCE OF ACQUISITION
Stock number Textual
040 ## - CATALOGING SOURCE
Original cataloging agency FEDL
Language of cataloging eng
Transcribing agency FEDL
041 ## - LANGUAGE CODE
Language code of text/sound track or separate title eng
Source of code eng
084 ## - COLON CLASSIFICATION NUMBER
Classification number 371.7, DOW
Assigning agency FEDL
100 ## - MAIN ENTRY--PERSONAL NAME
Personal name Downey Robert J etal...
9 (RLIN) 763367
245 #0 - TITLE STATEMENT
Title Exploring physical education
260 ## - PUBLICATION, DISTRIBUTION, ETC.
Place of publication, distribution, etc. Belmont
Name of publisher, distributor, etc. Wadsworth Publishing Company
Date of publication, distribution, etc. 1962
300 ## - PHYSICAL DESCRIPTION
Extent viii,209p.
942 ## - ADDED ENTRY ELEMENTS (KOHA)
Koha item type Textual
Classification part 371.7, DOW
Holdings
Withdrawn status Lost status Damaged status Not for loan Home library Current library Date acquired Total Checkouts Full call number Barcode Date last seen Price effective from Koha item type
        Department of Education Library Department of Education Library 2025-05-08   371.7, DOW EL0023934 2025-05-08 2025-05-08 Textual
Copyright @ Delhi University Library System